Statistics for United States Trivia: Presidents

Click here to take the quiz!

General Stats

  • This quiz has been taken 761 times
  • The average score is 11 of 20

Answer Stats

Hint Answer % Correct
Who is the only President to have served two non-consecutive terms?Grover Cleveland
89%
Which President signed the Civil Rights Act on July 2, 1964?Lyndon B. Johnson
89%
George W. Bush is one of only two Presidents whose fathers were also Presidents. Who is the other?John Quincy Adams
86%
On December 19, 1998, President Bill Clinton was impeached. Who is the only other President to be impeached?Andrew Johnson
82%
Who had the shortest tenure as President, dying one month into his presidency?William Henry Harrison
80%
Which war did the US enter during the above President's second term?World War I
74%
Which President was elected for a second term with the help of his campaign slogan, "He kept us out of war"?Woodrow Wilson
69%
After George Washington, who was the first President to be elected without having first served as Vice President?James Madison
67%
Who was President while future President John Quincy Adams negotiated the purchase of Florida from Spain?James Monroe
67%
Who is the only President to have been divorced?Ronald Reagan
63%
Who was President when Alaska and Hawai'i became states?Dwight D. Eisenhower
63%
During whose presidency was the Indian Removal Act passed?Andrew Jackson
57%
Which President commissioned the Lewis and Clark Expedition?Thomas Jefferson
55%
Who was the first President to be born a US citizen?Martin Van Buren
48%
On which Christian holiday was President Abraham Lincoln assassinated?Good Friday
42%
Who is the only President to have graduated from the US Naval Academy?Jimmy Carter
30%
Which future President was only 5'1" when he entered West Point?Ulysses S. Grant
25%
Which President's last words are said to have been, "'Tis well"?George Washington
21%
Who is the last President to have had no Vice President during his entire time in office?Chester A. Arthur
17%
Which President oversaw the opening of the US Naval Academy and the Smithsonian Institution?James K. Polk
7%

Score Distribution

Percentile by Number Answered

Percent of People with Each Score

Your Score History

You have not taken this quiz